[Event "Navarra-chT"]
[Site "Navarra"]
[Date "2016.10.08"]
[Round "1.4"]
[White "Lerendegui Lasa, Odei"]
[Black "Rodriguez Montes, Sostenes"]
[Result "1-0"]
[WhiteElo "1921"]
[BlackElo "1805"]
[PlyCount "87"]
[EventDate "2016.10.08"]
[EventType "team-tourn"]
[EventRounds "7"]
[EventCountry "ESP"]
[SourceTitle "CBM 175 Extra"]
[Source "ChessBase"]
[SourceDate "2016.12.12"]
[SourceVersion "1"]
[SourceVersionDate "2016.12.12"]
[SourceQuality "1"]
[WhiteTeam "Mikel Gurea"]
[BlackTeam "Runa"]
[WhiteTeamCountry "ESP"]
[BlackTeamCountry "ESP"]

1. e4 e5 2. Nf3 Nc6 3. d4 exd4 4. Nxd4 Bc5 5. Nb3 Bb4+ 6. Bd2 Qe7 7. Bd3 Nf6 8. 0-0 0-0 9. c3 Ne5 10. Bc2 Bd6 11. Nd4 Neg4 12. h3 Nh6 13. Bxh6 gxh6 14. Nf5 Qe5 15. f4 Bc5+ 16. Kh2 Qe6 17. e5 Ne8 18. b4 Bb6 19. Qd3 Kh8 20. c4 c6 21. c5 Bd8 22. Nd4 Qg6 23. f5 Qg5 24. Nf3 Qg7 25. f6 Nxf6 26. Nc3 Rg8 27. Rf2 Nh5 28. Qf5 Qg6 29. g4 Qxf5 30. Bxf5 Ng7 31. Ne4 Nxf5 32. gxf5 d5 33. Nd6 Rg7 34. Rg2 Kg8 35. Rxg7+ Kxg7 36. a4 a5 37. b5 cxb5 38. axb5 Bc7 39. Nd4 b6 40. Nc6 Bxd6 41. cxd6 Kf8 42. Rf1 a4 43. e6 f6 44. d7 1-0

[Event "Huarte Puente Foral op-B 4th"]
[Site "Huarte"]
[Date "2009.12.06"]
[Round "6"]
[White "Rodriguez Montes, Sostenes"]
[Black "Sevilla Subiza, Marina"]
[Result "1-0"]
[WhiteElo "1784"]
[BlackElo "1566"]
[PlyCount "29"]
[EventDate "2009.12.01"]
[EventType "swiss"]
[EventRounds "8"]
[EventCountry "ESP"]
[SourceTitle "EXT 2016"]
[Source "ChessBase"]
[SourceDate "2015.10.08"]
[SourceVersion "1"]
[SourceVersionDate "2015.10.08"]
[SourceQuality "1"]

1. e4 e6 2. d4 d5 3. Nd2 Nf6 4. e5 Nfd7 5. Bd3 c5 6. c3 Nc6 7. Ngf3 cxd4 8. cxd4 Bb4 9. Kf1 0-0 10. Bxh7+ Kxh7 11. Ng5+ Kg8 12. Qh5 Re8 13. Qxf7+ Kh8 14. Qh5+ Kg8 15. Qh7+ 1-0

[Event "Huarte Puente Foral op-B 4th"]
[Site "Huarte"]
[Date "2009.12.02"]
[Round "2"]
[White "Rodriguez Montes, Sostenes"]
[Black "Jimenez Almeida, Luis David"]
[Result "1-0"]
[WhiteElo "1784"]
[BlackElo "1839"]
[PlyCount "95"]
[EventDate "2009.12.01"]
[EventType "swiss"]
[EventRounds "8"]
[EventCountry "ESP"]
[SourceTitle "EXT 2016"]
[Source "ChessBase"]
[SourceDate "2015.10.08"]
[SourceVersion "1"]
[SourceVersionDate "2015.10.08"]
[SourceQuality "1"]

1. e4 c5 2. Nf3 d6 3. d4 cxd4 4. Nxd4 Nf6 5. Nc3 a6 6. Be3 e5 7. Nb3 Be6 8. f3 Nbd7 9. Bd3 Be7 10. Qe2 Rc8 11. 0-0 0-0 12. Rae1 b5 13. Nd5 Bxd5 14. exd5 Nxd5 15. Bxh7+ Kxh7 16. Qd3+ f5 17. Qxd5 Nb6 18. Qd3 Nc4 19. Rb1 Bg5 20. Bxg5 Qxg5 21. f4 exf4 22. Qh3+ Kg8 23. Nd4 Nd2 24. Ne6 Qg4 25. Qxg4 fxg4 26. Nxf8 Nxb1 27. Ne6 Nd2 28. Rxf4 Rxc2 29. Rxg4 Rxb2 30. Rxg7+ Kh8 31. h4 Ne4 32. h5 Nc5 33. Rg6 Nxe6 34. Rxe6 Rxa2 35. Rxd6 b4 36. Rb6 a5 37. Rb5 Ra3 38. Kf2 b3 39. g4 a4 40. g5 Ra2+ 41. Ke3 b2 42. Kf4 a3 43. Rb8+ Kh7 44. g6+ Kh6 45. Rb7 Kxh5 46. g7 b1Q 47. Rxb1 Rg2 48. Rh1+ 1-0